000 00359 a2200145 4500
001 155981
040 _cEscola São Tomás de Aquino
100 _aSANT'ANNA, Eliana Mariz Câmara
240 1 0 _aDengue: hoje ... e amanhã?
_lpor
245 1 0 _aDengue: hoje ... e amanhã?
300 _a21
362 0 _a1999
697 _a*LITERATURA INFANTO
942 _cBK
999 _c155981
_d155981